000 00903cab a2200241 4500
001 WB2809-22
008 090401t1992 xxu||||| |||| 00| 0 eng d
035 _a(Sirsi) u44092
041 _aeng
245 _aEnding a tenancy
260 _c1992
350 _a0
490 _aFarm Tax Brief
_v7 (2) February 1992, 13(1)
520 _aConsiders the implications of "Hammersmith and Fulham LBC v Monk" HL 5 December 1991 which upheld a CA decision that a joint tenancy could be validly determined by notice given by one tenant against the wishes of the others.
650 _aAGRICULTURAL HOLDINGS ACT 1986
650 _aPROPERTY-LANDLORD AND TENANT-TENANCIES-AGRICULTURAL TENANCIES
650 _aHAMMERSMITH AND FULHAM LBC V MONK
650 _aJOINT TENANCIES
650 _aNOTICES OF TERMINATION
690 _aLANDLORD AND TENANT-AGRICULTURAL TENANCIES
942 _n0
948 _c04/03/1997
999 _c28111
_d28111